ბათუმის შოთა რუსთაველის სახელმწიფო უნივერსიტეტის ბიბლიოთეკა

შრომის ნაყოფიერების ზრდის როლი კომუნიზმის მშენებლობაში / (ბიბ.ჩანაწერი № 63459)

000 -ლიდერი
ფიქსირებული სიგრძის საკონტროლო ველი 00969nam a22001937a 4500
003 - საკონტროლო ნომრის იდენტიფიკატორი
საკონტროლო ველი Ge_BSU
005 - ბოლო ოპერაციის თარიღი და დრო
საკონტროლო ველი 20251013210944.0
008 - ფიქსირებული სიგრძის მონაცემთა ელემენტები - ზოგადი ინფორმაცია
ფიქსირებული სიგრძის საკონტროლო ველი 251013s1962 ge ||||| |||| 00| 0 geo d
041 ## - ენის კოდი
Language code of text/sound track or separate title geo
080 ## - უნივერსალური ათობითი კლასიფიკაციის ინდექსი
Universal Decimal Classification number 331.101.6(47+57) გ-46
100 ## - მთავარი ჩანაწერი - პიროვნების სახელი
Personal name გვიშიანი, ნ.
9 (RLIN) 24963
245 ## - ცნობა სათაურის შესახებ
Title შრომის ნაყოფიერების ზრდის როლი კომუნიზმის მშენებლობაში /
Statement of responsibility, etc ნ. გვიშიანი.
264 ## - წარმოების, გამოცემის, დისტრიბუციის და სხვა ცნობები
გამოცემის, წარმოების, დისტრიბუციის... ადგილი თბ. :
გამოცემის, წარმოების, დისტრიბუციის... სახელწოდება საბჭ. საქართველო,
გამოცემის, წარმოების, დისტრიბუციის... თარიღი 1962.
300 ## - ფიზიკური აღწერა
Extent 77 გვ. ;
Other physical details 20 სმ.
490 ## - სერიის ცნობა
Series statement განვახორციელოთ პარტიის XXII ყრილობის ისტორიული გადაწყვეტილებები
504 ## - BIBLIOGRAPHY, ETC. NOTE
Bibliography, etc ბიბლიოგრ. შენიშვნებში
653 ## - INDEX TERM--UNCONTROLLED
Uncontrolled term შრომის ნაყოფიერება.
942 ## - ADDED ENTRY ELEMENTS (KOHA)
Source of classification or shelving scheme
Koha item type წიგნი
ეგზემპლარები
ჩამოწერის სტატუსი დაკარგული ეგზემპლარის სტატუსი კლასიფიკაციის წყარო ან თაროზე გაწყობის სქემა დაზიანების სტატუსი არ გაიცემა მუდმივი მდებარეობა (დაცვის ადგილი) ამჟამინდელი ადგილსამყოფელი თაროზე განთავსების ადგილი შეძენის თარიღი ღირებულება, შესყიდვის ნორმალური ფასი სრული შენახვის შიფრი შტრიხკოდი ბოლო ოპერაციის თარიღი ეგზემპლარის მიმდევრობითი ნომერი (კეტერი?) ფასის ძალაში შესვლის თარიღი ეგზემპლარის სახეობა საჯარო შენიშვნა
          ბათუმის შოთა რუსთაველის სახელმწიფო უნივერსიტეტის მთავარი ბიბლიოთეკა ბათუმის შოთა რუსთაველის სახელმწიფო უნივერსიტეტის მთავარი ბიბლიოთეკა წიგნსაცავი 2025-10-13 0.18 331.101.6(47+57) გ-46 72688 2025-10-13 72688 2025-10-13 წიგნი 0.18